[Event "FRA-chT4 0001"]
[Site "Niort"]
[Date "2000.11.18"]
[Round "2"]
[White "Dumas, Michel"]
[Black "Baron, Samuel"]
[Result "1-0"]
[WhiteElo "1960"]
[BlackElo "1850"]
[PlyCount "79"]
[EventDate "2000.10.15"]
[EventType "team"]
[EventRounds "7"]
[EventCountry "FRA"]
[SourceTitle "EXT 2007"]
[Source "ChessBase"]
[SourceDate "2006.11.23"]
[SourceVersion "1"]
[SourceVersionDate "2006.11.23"]
[SourceQuality "1"]

1. d4 d5 2. c4 e6 3. Nc3 Nf6 4. cxd5 exd5 5. Bg5 Nbd7 6. e3 c6 7. Bd3 Be7 8. Nge2 0-0 9. Qc2 Re8 10. 0-0 Nf8 11. f3 Nh5 12. Bxe7 Qxe7 13. e4 Be6 14. Qd2 Rad8 15. e5 g6 16. f4 f5 17. a4 a6 18. a5 c5 19. Na4 cxd4 20. Nxd4 Nd7 21. Rfc1 Rc8 22. b4 Ng7 23. g3 Kh8 24. b5 Nb8 25. Nb6 Rc5 26. Nb3 Rxc1+ 27. Rxc1 Rd8 28. Nd4 axb5 29. Bxb5 Na6 30. Bxa6 bxa6 31. Nc6 Qe8 32. Nxd8 Qxd8 33. Qd4 h5 34. Qc5 h4 35. Qd6 Qe8 36. Rc7 h3 37. Nxd5 Bxd5 38. Qxd5 Qb8 39. Qb7 Qf8 40. Rc8 1-0